<?xml version="1.0" encoding="UTF-8"?>
<record
    xmlns:xsi="http://www.w3.org/2001/XMLSchema-instance"
    xsi:schemaLocation="http://www.loc.gov/MARC21/slim http://www.loc.gov/standards/marcxml/schema/MARC21slim.xsd"
    xmlns="http://www.loc.gov/MARC21/slim">

  <leader>01341nam a22002297a 4500</leader>
  <datafield tag="999" ind1=" " ind2=" ">
    <subfield code="c">168647</subfield>
    <subfield code="d">168647</subfield>
  </datafield>
  <controlfield tag="005">20191018125717.0</controlfield>
  <datafield tag="010" ind1=" " ind2=" ">
    <subfield code="a">B-730573</subfield>
  </datafield>
  <datafield tag="020" ind1=" " ind2=" ">
    <subfield code="a">9789353093808                                   </subfield>
    <subfield code="c">40.00</subfield>
  </datafield>
  <datafield tag="035" ind1=" " ind2=" ">
    <subfield code="a">B-730573</subfield>
  </datafield>
  <datafield tag="037" ind1=" " ind2=" ">
    <subfield code="b">&#x921;&#x940;.&#x92C;&#x940;.&#x90F;.&#x921;&#x940;./ &#x909;&#x92A;&#x939;&#x93E;&#x930;</subfield>
  </datafield>
  <datafield tag="082" ind1=" " ind2=" ">
    <subfield code="a">&#x915;</subfield>
  </datafield>
  <datafield tag="100" ind1=" " ind2=" ">
    <subfield code="a">&#x92A;&#x94D;&#x930;&#x92C;&#x93E; &#x930;&#x93E;&#x92E; &#x935; &#x936;&#x940;&#x932;&#x93E; &#x92A;&#x94D;&#x930;&#x942;&#x908;&#x91F;</subfield>
  </datafield>
  <datafield tag="245" ind1=" " ind2=" ">
    <subfield code="a">&#x91C;&#x930;&#x93E; &#x905;&#x92A;&#x928;&#x940; &#x91C;&#x940;&#x92D; &#x92C;&#x93E;&#x939;&#x930; &#x928;&#x93F;&#x915;&#x93E;&#x932;&#x928;&#x93E; /</subfield>
    <subfield code="c">&#x92A;&#x94D;&#x930;&#x92C;&#x93E; &#x930;&#x93E;&#x92E; &#x935; &#x936;&#x940;&#x932;&#x93E; &#x92A;&#x94D;&#x930;&#x942;&#x908;&#x91F; ; &#x938;&#x902;&#x927;&#x94D;&#x92F;&#x93E; &#x92A;&#x94D;&#x930;&#x92D;&#x93E;&#x924; &#x926;&#x94D;&#x935;&#x93E;&#x930;&#x93E; &#x91A;&#x93F;&#x924;&#x94D;&#x930;&#x93E;&#x902;&#x915;&#x93F;&#x924; ; &#x92E;&#x927;&#x941;&#x92C;&#x93E;&#x932;&#x93E; &#x91C;&#x94B;&#x936;&#x940; &#x926;&#x94D;&#x935;&#x93E;&#x930;&#x93E; &#x939;&#x93F;&#x928;&#x94D;&#x926;&#x940; &#x905;&#x928;&#x941;&#x935;&#x93E;&#x926;</subfield>
  </datafield>
  <datafield tag="260" ind1=" " ind2=" ">
    <subfield code="a">&#x928;&#x908; &#x926;&#x93F;&#x932;&#x94D;&#x932;&#x940;</subfield>
    <subfield code="b">&#x92A;&#x94D;&#x930;&#x925;&#x92E; &#x92C;&#x941;&#x915;&#x94D;&#x938;</subfield>
    <subfield code="c">2018</subfield>
  </datafield>
  <datafield tag="270" ind1=" " ind2=" ">
    <subfield code="a">#621, 2nd floor, 5th Main, OMBR Layout, Banaswadi,</subfield>
    <subfield code="b">Bengaluru</subfield>
    <subfield code="e">560043</subfield>
    <subfield code="k">+91 80 42052574,  91 11 41042483</subfield>
  </datafield>
  <datafield tag="300" ind1=" " ind2=" ">
    <subfield code="a">16&#x92A;&#x943;.</subfield>
    <subfield code="b">&#x938;&#x91A;&#x93F;&#x924;&#x94D;&#x930;</subfield>
    <subfield code="c">14x20 &#x938;&#x947;&#x92E;&#x940; (&#x905;&#x91C;&#x93F;&#x932;&#x94D;&#x926;)</subfield>
  </datafield>
  <datafield tag="700" ind1=" " ind2=" ">
    <subfield code="9">28835</subfield>
    <subfield code="a">&#x92A;&#x94D;&#x930;&#x942;&#x908;&#x91F;, &#x936;&#x940;&#x932;&#x93E; </subfield>
  </datafield>
  <datafield tag="700" ind1=" " ind2=" ">
    <subfield code="9">28836</subfield>
    <subfield code="a">&#x92A;&#x94D;&#x930;&#x92D;&#x93E;&#x924;, &#x938;&#x902;&#x927;&#x94D;&#x92F;&#x93E; </subfield>
  </datafield>
  <datafield tag="700" ind1=" " ind2=" ">
    <subfield code="a">&#x91C;&#x94B;&#x936;&#x940;, &#x92E;&#x927;&#x941;&#x92C;&#x93E;&#x932;&#x93E; </subfield>
  </datafield>
  <datafield tag="942" ind1=" " ind2=" ">
    <subfield code="2">ddc</subfield>
    <subfield code="c">CH</subfield>
    <subfield code="h">&#x915;</subfield>
    <subfield code="m">&#x92A;&#x94D;&#x930;&#x92C;&#x93E;&#x930;&#x93E;   </subfield>
  </datafield>
  <datafield tag="952" ind1=" " ind2=" ">
    <subfield code="0">0</subfield>
    <subfield code="1">0</subfield>
    <subfield code="4">0</subfield>
    <subfield code="7">0</subfield>
    <subfield code="8">FIC</subfield>
    <subfield code="a">AV</subfield>
    <subfield code="b">AV</subfield>
    <subfield code="d">2019-10-18</subfield>
    <subfield code="e">&#x909;&#x92A;&#x939;&#x93E;&#x930;/26.09.19</subfield>
    <subfield code="g">40.00</subfield>
    <subfield code="l">3</subfield>
    <subfield code="o">&#x915; &#x92A;&#x94D;&#x930;&#x92C;&#x93E;&#x930;&#x93E;</subfield>
    <subfield code="p">B-730573</subfield>
    <subfield code="r">2021-07-01 00:00:00</subfield>
    <subfield code="s">2021-06-30</subfield>
    <subfield code="t">1</subfield>
    <subfield code="v">40.00</subfield>
    <subfield code="w">2019-10-18</subfield>
    <subfield code="y">CH</subfield>
    <subfield code="z">&#x909;&#x92A;&#x939;&#x93E;&#x930;</subfield>
  </datafield>
</record>
